000 01324nam a2200361 a 4500
001 000108249
003 CHAP
005 20220329144005.0
008 140120s2012 it j |r| 1||| |eng d
010 _a104711
011 _a105683
040 _cCHAP
082 _a639.2
_bF214b v.10/71
245 1 0 _aReport of the FAO/CECAF Working Group on the Assessment of Demersal Resources, Subgroup North, Banjul, the Gambia, 6-14 November 2007 = Rapport du Groupe de travail FAO/COPACE sur l'evaluation des ressources démersales, Sous-groupe Nord, Banjul, Gambie, 6-14 novembre 2007.
260 _aRoma :
_bFAO,
_c2012.
300 _a302 p :
_bTabs.,.
490 1 _aFAO. CECAF/ECAF
_v; 10/71
500 _aBilingue : (Ingles, francés)
590 _aE5995AHE
_b05
_c20140120
_lUCH01
_h1052
590 _aE5995AHE
_b05
_c20140121
_lUCH01
_h1052
590 _aE5995AHE
_b05
_c20140122
_lUCH01
_h1450
590 _aE5995AHE
_b05
_c20140122
_lUCH01
_h1500
650 1 4 _aAdministración pesquera
_9933
650 1 4 _aPesca
_xAfrica.
_987354
650 1 4 _aPesca
_xEstadísticas.
_987379
650 1 4 _aPesca
_zÁfrica Occidental.
_987424
650 1 4 _aPescado
_xMercadeo.
_987450
650 1 4 _aRecursos marinos
_xAdministración.
_995143
830 0 _aFAO. CECAF/ECAF
_v; 10/71
_9125217
901 _aBK
942 _cLIBRO
942 _n0
999 _c104711
_d104711